Bezpečnosť spracúvania osobných údajov podľa GDPR

Nariadenie Európskeho parlamentu a Rady 2016/679 z 27. 4. 2016 o ochrane fyzických osôb pri spracúvaní osobných údajov a o voľnom pohybe takýchto údajov, ktorým sa zrušuje smernica 95/46/ES ( „GDPR“) ustanovuje prevádzkovateľom povinnosť prijať primerané technické a organizačné opatrenia s cieľom z...

ver descrição completa

Na minha lista:
Detalhes bibliográficos
Autor principal: Mičudová, Tatiana
Formato: Capítulo de Livro
Idioma:eslovaco
Assuntos:
Tags: Adicionar Tag
Sem tags, seja o primeiro a adicionar uma tag!

MARC

LEADER 00000naa a2200000 4500
001 0242012
005 20221104110759.6
041 0 |a slo 
044 |a SK 
245 1 0 |a Bezpečnosť spracúvania osobných údajov podľa GDPR  |c Tatiana Mičudová 
520 |a Nariadenie Európskeho parlamentu a Rady 2016/679 z 27. 4. 2016 o ochrane fyzických osôb pri spracúvaní osobných údajov a o voľnom pohybe takýchto údajov, ktorým sa zrušuje smernica 95/46/ES ( „GDPR“) ustanovuje prevádzkovateľom povinnosť prijať primerané technické a organizačné opatrenia s cieľom zaistiť úroveň bezpečnosti spracúvania osobných údajov primeranú riziku tohto spracúvania. 
610 2 0 |a ochrana údajov osobných 
610 2 0 |a Rada Európskej únie 
610 2 0 |a spracovanie dát 
610 2 0 |a bezpečnosť elektronická 
610 2 0 |a bezpečnosť informačná 
100 1 |a Mičudová, Tatiana